<?xml version="1.0" encoding="UTF-8"?>
<record
    xmlns:xsi="http://www.w3.org/2001/XMLSchema-instance"
    xsi:schemaLocation="http://www.loc.gov/MARC21/slim http://www.loc.gov/standards/marcxml/schema/MARC21slim.xsd"
    xmlns="http://www.loc.gov/MARC21/slim">

  <leader>00484nam a22001817a 4500</leader>
  <datafield tag="999" ind1=" " ind2=" ">
    <subfield code="c">204</subfield>
    <subfield code="d">204</subfield>
  </datafield>
  <controlfield tag="005">20210910101534.0</controlfield>
  <controlfield tag="008">160428b        xxu||||| |||| 00| 0 eng d</controlfield>
  <datafield tag="020" ind1=" " ind2=" ">
    <subfield code="a">81-2032068-9</subfield>
  </datafield>
  <datafield tag="041" ind1=" " ind2=" ">
    <subfield code="a">eng</subfield>
  </datafield>
  <datafield tag="082" ind1=" " ind2=" ">
    <subfield code="b">00702</subfield>
    <subfield code="a">005.74</subfield>
  </datafield>
  <datafield tag="100" ind1=" " ind2=" ">
    <subfield code="a">Prabhu, C.S.R.</subfield>
    <subfield code="9">190</subfield>
  </datafield>
  <datafield tag="245" ind1=" " ind2=" ">
    <subfield code="a">Data Warehousing: Concepts, Techniques, Praducts and Applications</subfield>
  </datafield>
  <datafield tag="250" ind1=" " ind2=" ">
    <subfield code="a">2nd ed.</subfield>
  </datafield>
  <datafield tag="260" ind1=" " ind2=" ">
    <subfield code="a">New Delhi</subfield>
    <subfield code="b">PHI Pvt Ltd. </subfield>
    <subfield code="c">2002</subfield>
  </datafield>
  <datafield tag="300" ind1=" " ind2=" ">
    <subfield code="a">148</subfield>
  </datafield>
  <datafield tag="650" ind1=" " ind2=" ">
    <subfield code="a">Information Technology</subfield>
    <subfield code="9">137</subfield>
  </datafield>
  <datafield tag="942" ind1=" " ind2=" ">
    <subfield code="c">BK</subfield>
  </datafield>
  <datafield tag="952" ind1=" " ind2=" ">
    <subfield code="0">0</subfield>
    <subfield code="1">0</subfield>
    <subfield code="4">0</subfield>
    <subfield code="7">0</subfield>
    <subfield code="a">JRU</subfield>
    <subfield code="b">MAIN</subfield>
    <subfield code="c">SHELF-5-B</subfield>
    <subfield code="d">2016-04-28</subfield>
    <subfield code="g">175.00</subfield>
    <subfield code="l">2</subfield>
    <subfield code="o">00698</subfield>
    <subfield code="p">00698</subfield>
    <subfield code="r">2016-10-20 00:00:00</subfield>
    <subfield code="s">2016-10-07</subfield>
    <subfield code="w">2016-04-28</subfield>
    <subfield code="y">BK</subfield>
  </datafield>
  <datafield tag="952" ind1=" " ind2=" ">
    <subfield code="0">0</subfield>
    <subfield code="1">0</subfield>
    <subfield code="4">0</subfield>
    <subfield code="7">0</subfield>
    <subfield code="8">REF</subfield>
    <subfield code="a">JRU</subfield>
    <subfield code="b">MAIN</subfield>
    <subfield code="c">SHELF-30-B</subfield>
    <subfield code="d">2016-04-28</subfield>
    <subfield code="g">175.00</subfield>
    <subfield code="l">0</subfield>
    <subfield code="o">00698</subfield>
    <subfield code="p">00699</subfield>
    <subfield code="r">2016-04-28 00:00:00</subfield>
    <subfield code="w">2016-04-28</subfield>
    <subfield code="y">BK</subfield>
  </datafield>
  <datafield tag="952" ind1=" " ind2=" ">
    <subfield code="0">0</subfield>
    <subfield code="1">0</subfield>
    <subfield code="4">0</subfield>
    <subfield code="7">0</subfield>
    <subfield code="a">JRU</subfield>
    <subfield code="b">MAIN</subfield>
    <subfield code="c">SHELF-5-B</subfield>
    <subfield code="d">2016-04-28</subfield>
    <subfield code="g">175.00</subfield>
    <subfield code="l">1</subfield>
    <subfield code="o">00698</subfield>
    <subfield code="p">00700</subfield>
    <subfield code="r">2016-10-17 00:00:00</subfield>
    <subfield code="s">2016-10-14</subfield>
    <subfield code="w">2016-04-28</subfield>
    <subfield code="y">BK</subfield>
  </datafield>
  <datafield tag="952" ind1=" " ind2=" ">
    <subfield code="0">0</subfield>
    <subfield code="1">0</subfield>
    <subfield code="4">0</subfield>
    <subfield code="7">0</subfield>
    <subfield code="8">CS/IT</subfield>
    <subfield code="a">JRU</subfield>
    <subfield code="b">JRU</subfield>
    <subfield code="c">SHELF-52-A</subfield>
    <subfield code="d">2016-04-28</subfield>
    <subfield code="e">PURCHASE</subfield>
    <subfield code="g">175.00</subfield>
    <subfield code="l">0</subfield>
    <subfield code="o">005.74</subfield>
    <subfield code="p">00701</subfield>
    <subfield code="r">2016-04-28 00:00:00</subfield>
    <subfield code="w">2016-04-28</subfield>
    <subfield code="y">BK</subfield>
  </datafield>
  <datafield tag="952" ind1=" " ind2=" ">
    <subfield code="0">0</subfield>
    <subfield code="1">0</subfield>
    <subfield code="4">0</subfield>
    <subfield code="7">0</subfield>
    <subfield code="8">CS/IT</subfield>
    <subfield code="a">JRU</subfield>
    <subfield code="b">JRU</subfield>
    <subfield code="c">SHELF-52-A</subfield>
    <subfield code="d">2016-04-28</subfield>
    <subfield code="e">PURCHASE</subfield>
    <subfield code="g">175.00</subfield>
    <subfield code="l">2</subfield>
    <subfield code="o">005.74</subfield>
    <subfield code="p">00702</subfield>
    <subfield code="r">2022-09-16 00:00:00</subfield>
    <subfield code="s">2022-08-29</subfield>
    <subfield code="w">2016-04-28</subfield>
    <subfield code="y">BK</subfield>
  </datafield>
  <datafield tag="952" ind1=" " ind2=" ">
    <subfield code="0">0</subfield>
    <subfield code="1">0</subfield>
    <subfield code="4">0</subfield>
    <subfield code="7">0</subfield>
    <subfield code="8">CS/IT</subfield>
    <subfield code="a">JRU</subfield>
    <subfield code="b">JRU</subfield>
    <subfield code="c">SHELF-52-A</subfield>
    <subfield code="d">2016-04-28</subfield>
    <subfield code="e">PURCHASE</subfield>
    <subfield code="g">175.00</subfield>
    <subfield code="l">1</subfield>
    <subfield code="o">005.74</subfield>
    <subfield code="p">00703</subfield>
    <subfield code="r">2016-10-20 00:00:00</subfield>
    <subfield code="s">2016-10-14</subfield>
    <subfield code="w">2016-04-28</subfield>
    <subfield code="y">BK</subfield>
  </datafield>
  <datafield tag="952" ind1=" " ind2=" ">
    <subfield code="0">0</subfield>
    <subfield code="1">0</subfield>
    <subfield code="4">0</subfield>
    <subfield code="7">0</subfield>
    <subfield code="8">CS/IT</subfield>
    <subfield code="a">JRU</subfield>
    <subfield code="b">JRU</subfield>
    <subfield code="c">SHELF-52-A</subfield>
    <subfield code="d">2016-04-28</subfield>
    <subfield code="e">PURCHASE</subfield>
    <subfield code="g">175.00</subfield>
    <subfield code="l">1</subfield>
    <subfield code="m">1</subfield>
    <subfield code="o">005.74</subfield>
    <subfield code="p">00704</subfield>
    <subfield code="r">2017-02-07 00:00:00</subfield>
    <subfield code="s">2017-01-13</subfield>
    <subfield code="w">2016-04-28</subfield>
    <subfield code="y">BK</subfield>
  </datafield>
  <datafield tag="952" ind1=" " ind2=" ">
    <subfield code="0">0</subfield>
    <subfield code="1">0</subfield>
    <subfield code="4">0</subfield>
    <subfield code="7">0</subfield>
    <subfield code="8">CS/IT</subfield>
    <subfield code="a">JRU</subfield>
    <subfield code="b">JRU</subfield>
    <subfield code="c">SHELF-52-A</subfield>
    <subfield code="d">2016-04-28</subfield>
    <subfield code="e">PURCHASE</subfield>
    <subfield code="g">175.00</subfield>
    <subfield code="l">1</subfield>
    <subfield code="o">005.74</subfield>
    <subfield code="p">00705</subfield>
    <subfield code="r">2016-10-14 00:00:00</subfield>
    <subfield code="s">2016-10-03</subfield>
    <subfield code="w">2016-04-28</subfield>
    <subfield code="y">BK</subfield>
  </datafield>
  <datafield tag="952" ind1=" " ind2=" ">
    <subfield code="0">0</subfield>
    <subfield code="1">0</subfield>
    <subfield code="4">0</subfield>
    <subfield code="7">0</subfield>
    <subfield code="8">CS/IT</subfield>
    <subfield code="a">JRU</subfield>
    <subfield code="b">JRU</subfield>
    <subfield code="c">SHELF-52-A</subfield>
    <subfield code="d">2016-04-28</subfield>
    <subfield code="e">PURCHASE</subfield>
    <subfield code="g">175.00</subfield>
    <subfield code="l">1</subfield>
    <subfield code="o">005.74</subfield>
    <subfield code="p">00706</subfield>
    <subfield code="r">2023-12-18 16:53:08</subfield>
    <subfield code="s">2023-12-04</subfield>
    <subfield code="w">2016-04-28</subfield>
    <subfield code="y">BK</subfield>
  </datafield>
  <datafield tag="952" ind1=" " ind2=" ">
    <subfield code="0">0</subfield>
    <subfield code="1">0</subfield>
    <subfield code="4">0</subfield>
    <subfield code="7">0</subfield>
    <subfield code="8">CS/IT</subfield>
    <subfield code="a">JRU</subfield>
    <subfield code="b">JRU</subfield>
    <subfield code="c">SHELF-52-A</subfield>
    <subfield code="d">2016-04-28</subfield>
    <subfield code="e">PURCHASE</subfield>
    <subfield code="g">175.00</subfield>
    <subfield code="l">2</subfield>
    <subfield code="o">005.74</subfield>
    <subfield code="p">00707</subfield>
    <subfield code="r">2026-01-05 09:51:46</subfield>
    <subfield code="s">2026-01-05</subfield>
    <subfield code="w">2016-04-28</subfield>
    <subfield code="y">BK</subfield>
  </datafield>
  <datafield tag="952" ind1=" " ind2=" ">
    <subfield code="0">0</subfield>
    <subfield code="1">0</subfield>
    <subfield code="4">0</subfield>
    <subfield code="7">0</subfield>
    <subfield code="8">CS/IT</subfield>
    <subfield code="a">JRU</subfield>
    <subfield code="b">JRU</subfield>
    <subfield code="c">SHELF-52-A</subfield>
    <subfield code="d">2016-04-28</subfield>
    <subfield code="e">PURCHASE</subfield>
    <subfield code="g">175.00</subfield>
    <subfield code="l">0</subfield>
    <subfield code="o">005.74</subfield>
    <subfield code="p">00708</subfield>
    <subfield code="r">2016-04-28 00:00:00</subfield>
    <subfield code="w">2016-04-28</subfield>
    <subfield code="y">BK</subfield>
  </datafield>
  <datafield tag="952" ind1=" " ind2=" ">
    <subfield code="0">0</subfield>
    <subfield code="1">0</subfield>
    <subfield code="4">0</subfield>
    <subfield code="7">0</subfield>
    <subfield code="8">CS/IT</subfield>
    <subfield code="a">JRU</subfield>
    <subfield code="b">JRU</subfield>
    <subfield code="c">SHELF-52-A</subfield>
    <subfield code="d">2017-09-25</subfield>
    <subfield code="e">Purchase</subfield>
    <subfield code="g">225.00</subfield>
    <subfield code="l">1</subfield>
    <subfield code="o">00698</subfield>
    <subfield code="p">22114</subfield>
    <subfield code="r">2022-08-22 00:00:00</subfield>
    <subfield code="s">2022-07-12</subfield>
    <subfield code="w">2017-09-25</subfield>
    <subfield code="y">BK</subfield>
  </datafield>
  <datafield tag="952" ind1=" " ind2=" ">
    <subfield code="0">0</subfield>
    <subfield code="1">0</subfield>
    <subfield code="4">0</subfield>
    <subfield code="7">0</subfield>
    <subfield code="8">CS/IT</subfield>
    <subfield code="a">JRU</subfield>
    <subfield code="b">JRU</subfield>
    <subfield code="c">SHELF-52-A</subfield>
    <subfield code="d">2017-09-25</subfield>
    <subfield code="e">Purchase</subfield>
    <subfield code="g">225.00</subfield>
    <subfield code="l">0</subfield>
    <subfield code="o">00698</subfield>
    <subfield code="p">22115</subfield>
    <subfield code="r">2017-09-25 00:00:00</subfield>
    <subfield code="w">2017-09-25</subfield>
    <subfield code="y">BK</subfield>
  </datafield>
  <datafield tag="952" ind1=" " ind2=" ">
    <subfield code="0">0</subfield>
    <subfield code="1">0</subfield>
    <subfield code="4">0</subfield>
    <subfield code="7">0</subfield>
    <subfield code="8">CS/IT</subfield>
    <subfield code="a">JRU</subfield>
    <subfield code="b">JRU</subfield>
    <subfield code="c">SHELF-52-A</subfield>
    <subfield code="d">2017-09-25</subfield>
    <subfield code="e">Purchase</subfield>
    <subfield code="g">225.00</subfield>
    <subfield code="l">2</subfield>
    <subfield code="o">00698</subfield>
    <subfield code="p">22116</subfield>
    <subfield code="r">2018-12-04 00:00:00</subfield>
    <subfield code="s">2018-11-22</subfield>
    <subfield code="w">2017-09-25</subfield>
    <subfield code="y">BK</subfield>
  </datafield>
  <datafield tag="952" ind1=" " ind2=" ">
    <subfield code="0">0</subfield>
    <subfield code="1">0</subfield>
    <subfield code="4">0</subfield>
    <subfield code="7">0</subfield>
    <subfield code="a">JRU</subfield>
    <subfield code="b">MAIN</subfield>
    <subfield code="c">SHELF-5-B</subfield>
    <subfield code="d">2017-09-25</subfield>
    <subfield code="e">Purchase</subfield>
    <subfield code="g">225.00</subfield>
    <subfield code="l">0</subfield>
    <subfield code="o">00698</subfield>
    <subfield code="p">22117</subfield>
    <subfield code="r">2017-09-25 00:00:00</subfield>
    <subfield code="w">2017-09-25</subfield>
    <subfield code="y">BK</subfield>
  </datafield>
  <datafield tag="952" ind1=" " ind2=" ">
    <subfield code="0">0</subfield>
    <subfield code="1">0</subfield>
    <subfield code="4">0</subfield>
    <subfield code="7">0</subfield>
    <subfield code="8">CS/IT</subfield>
    <subfield code="a">JRU</subfield>
    <subfield code="b">JRU</subfield>
    <subfield code="c">SHELF-52-A</subfield>
    <subfield code="d">2017-09-25</subfield>
    <subfield code="e">Purchase</subfield>
    <subfield code="g">225.00</subfield>
    <subfield code="l">1</subfield>
    <subfield code="o">00698</subfield>
    <subfield code="p">22118</subfield>
    <subfield code="r">2023-10-20 12:06:22</subfield>
    <subfield code="s">2023-10-03</subfield>
    <subfield code="w">2017-09-25</subfield>
    <subfield code="y">BK</subfield>
  </datafield>
  <datafield tag="952" ind1=" " ind2=" ">
    <subfield code="0">0</subfield>
    <subfield code="1">0</subfield>
    <subfield code="4">0</subfield>
    <subfield code="7">0</subfield>
    <subfield code="8">CS/IT</subfield>
    <subfield code="a">JRU</subfield>
    <subfield code="b">JRU</subfield>
    <subfield code="c">SHELF-52-A</subfield>
    <subfield code="d">2017-12-04</subfield>
    <subfield code="e">PURCHESS</subfield>
    <subfield code="g">225.00</subfield>
    <subfield code="l">0</subfield>
    <subfield code="o">00698</subfield>
    <subfield code="p">22220</subfield>
    <subfield code="r">2017-12-04 00:00:00</subfield>
    <subfield code="w">2017-12-04</subfield>
    <subfield code="y">BK</subfield>
  </datafield>
</record>
